header

Revisualizing visual culture (Record no. 213454)

MARC details
000 -LEADER
fixed length control field 01534nam a2200385Ia 4500
082 04 - DEWEY DECIMAL CLASSIFICATION NUMBER
Classification number 701/.18
245 00 - TITLE STATEMENT
Title Revisualizing visual culture
260 ## - PUBLICATION, DISTRIBUTION, ETC. (IMPRINT)
Place of publication Farnham, Surrey ;
-- Burlington, VT :
Name of publisher Ashgate,
Year of publication c2010.
300 ## - PHYSICAL DESCRIPTION
Number of Pages xx, 183 p. :
Other physical details ill.
650 #0 - SUBJECT ADDED ENTRY--TOPICAL TERM
Topical Term Art
Topical Term Historic preservation
Topical Term Historic preservation
Topical Term Cultural property
Topical Term Information storage and retrieval systems
Topical Term Information technology.
Topical Term Technological innovations.
Topical Term Knowledge management.
700 1# - ADDED ENTRY--PERSONAL NAME
Personal name Bailey, Chris.
Personal name Gardiner, Hazel.
856 40 - ELECTRONIC LOCATION AND ACCESS
Uniform Resource Identifier http://site.ebrary.com/lib/rucke/Doc?id=10370307

No items available.

© 2026 Rongo University
Contact us: librarian | system librarian | Rongo university